000 00211nam a22000977a 4500
999 _c15766
_d15766
003 OSt
008 191015b ||||| |||| 00| 0 eng d
100 _aVasudevan Nair,M T.
_94299
245 _aNalukettu
942 _cBK